| 000 | 00624nam a2200205 a 4500 | ||
|---|---|---|---|
| 005 | 20240418063720.0 | ||
| 008 | 160210s2013 ag r 000 0 spa d | ||
| 020 | _a9789876012027 | ||
| 035 | _aUPN01000208096 | ||
| 049 | _aCG | ||
| 050 | 4 |
_aBL624 _bI4.4 |
|
| 245 | 0 | 3 |
_aLa idea de Dios y el niño de nivel inicial : _bconceptualizaciones, narrativas y problemas educativos/ _ccoord. Fabián Gallego. |
| 260 |
_aBuenos Aires : _bLa Crujía, _c2013. |
||
| 300 | _a251 p. | ||
| 440 | 0 | _aItinerarios | |
| 650 | 4 |
_aEducación religiosa _919070 |
|
| 700 | 1 |
_aGallego, Fabián, _ecoord. |
|
| 905 | _aLibro | ||
| 999 |
_c180197 _d180197 |
||